Water demand forecasting : proceedings of a workshop /

Bibliographic Details
Corporate Author: Economic and Social Research Council (Great Britain)
Other Authors: Gardiner, V., Herrington, Paul, 1939-
Format: Book
Language:English
Published: Norwich, U.K. : Geo Books, [1986]
Subjects:

MARC

Tag First Indicator Second Indicator Subfields
LEADER 00000cam a2200000 a 4500
001 in00000014264
005 20160130063754.0
008 870330s1986 enka b 10000 eng
010 |a  87127184  
020 |a 0860942147 :  |c £20.00 
035 |a (OCoLC)17545855 
035 |9 AAA6627AM 
040 |a DLC  |c DLC  |d TXA  |d UtOrBLW 
049 |a TXAM  |c [A11055641] 
050 0 0 |a HD1690.5  |b .W383 1986 
082 0 |a 333.91/13  |2 19 
245 0 0 |a Water demand forecasting :  |b proceedings of a workshop /  |c sponsored by the Economic and Social Research Council ; edited by Vince Gardiner and Paul Herrington. 
264 1 |a Norwich, U.K. :  |b Geo Books,  |c [1986] 
264 4 |c ©1986 
300 |a 139 pages :  |b illustrations ;  |c 22 cm. 
336 |a text  |b txt  |2 rdacontent 
337 |a unmediated  |b n  |2 rdamedia 
338 |a volume  |b nc  |2 rdacarrier 
500 |a Includes bibliographies. 
650 0 |a Water consumption  |x Forecasting  |x Congresses. 
700 1 |a Gardiner, V. 
700 1 |a Herrington, Paul,  |d 1939- 
710 2 |a Economic and Social Research Council (Great Britain) 
999 |a MARS 
999 f f |s 622f6a33-42c9-3bf3-a419-ad50328946b7  |i cfb255e3-572b-31f2-a10a-b1f2a9e8e5b4  |t 0 
952 f f |p ric  |a Texas A&M University  |b Rellis Campus  |c Joint Library Facility  |d Remote Storage  |t 0  |e HD1690.5 .W383 1986  |h Library of Congress classification  |i unmediated -- volume  |m A14811055641 
998 f f |a HD1690.5 .W383 1986  |t 0  |l Remote Storage